| 000 | 01024 a2200289 4500 | ||
|---|---|---|---|
| 003 | OSt | ||
| 005 | 20180116192406.0 | ||
| 008 | 120703t xxu||||| |||| 00| 0 eng d | ||
| 010 | _a 2006046724 | ||
| 020 | _a9781581807578 (alk. paper) | ||
| 020 | _a1581807570 (alk. paper) | ||
| 035 | _a(OCoLC)ocm70660330 | ||
| 035 | _a(OCoLC)70660330 | ||
| 040 | _c0 | ||
| 082 | 0 | 0 | _a741.2 |
| 100 | 1 |
_aDodson, Bert. _95549 |
|
| 245 | 1 | 0 |
_aKeys to drawing with imagination : _bstrategies and exercises for gaining confidence and enhancing your creativity / _cBert Dodson. |
| 250 | _a1st ed. | ||
| 260 |
_aCincinnati, Ohio : _bNorth Light Books, _cc2007. |
||
| 300 |
_a192 p . : _bchiefly ill. (some col.) ; _c29 cm. |
||
| 500 | _aIncludes index. | ||
| 650 | 1 | 0 |
_aDrawing _xTechnique. _95550 |
| 650 | 1 | 0 |
_aCreative ability. _95551 |
| 856 | 4 | 1 |
_3Table of contents only _uhttp://www.loc.gov/catdir/toc/fy0712/2006046724.html |
| 942 |
_aSADA _cBK _k741.2 DOD 2007 _2ddc |
||
| 999 |
_c353396 _d353396 |
||